Tablero de comando : una herramienta para el control de gestión de empresas agropecuarias /

Guardado en:
Autor Principal: Durán, Regina.
Formato: Libro
Idioma:Spanish
Publicado: Buenos Aires : Osmar D. Buyatti, 2003.
Etiquetas: Agregar Etiqueta
Sin Etiquetas, Sea el primero en etiquetar este registro!
LEADER 00509nam a22001455a 4500
001 EEA.libagro007199
005 20180604100930.0
008 130809s2003####ag#a##########000#0#spa#d
020 |a 987114007X 
082 0 4 |a 658.93 
100 1 |a Durán, Regina. 
245 1 0 |a Tablero de comando :  |b una herramienta para el control de gestión de empresas agropecuarias /  |c Regina Durán. 
260 |a Buenos Aires :  |b Osmar D. Buyatti,  |c 2003. 
300 |a 162 p. :  |b il. ;  |c 23 cm. 
859 |a AR-BbBCA  |b BIB. AGRONOMIA  |h 658.93  |i D948  |p 2004/4570